| 000 | 00667nam a2200205 i 4500 | ||
|---|---|---|---|
| 001 | 188560 | ||
| 003 | ES-MaACL | ||
| 005 | 20230906223234.0 | ||
| 008 | 181219s1966 sp |||| | spa d | ||
| 100 | 1 |
_aChenu, Marie-Dominique ( _d1895-1990) _938350 |
|
| 245 | 1 | 3 |
_aEl Evangelio en el tiempo / _cM. D. Chenu ; [traducción Casimiro Marti]. |
| 260 |
_a[Barcelona] : _bEstela, _c[1966] |
||
| 300 |
_aXX, 696 p. ; _c21 cm. |
||
| 490 | 1 |
_aColección "Theología" ; _v9 |
|
| 650 |
_aCristianismo- _xSociología. _917204 |
||
| 700 | 0 |
_aMartí, Casimir. _977182 |
|
| 830 | 0 |
_aColección "Theología" ; _v9 _9193093 |
|
| 852 |
_aES-MaACL _jP-160-9 |
||
| 999 |
_c188560 _d188560 |
||